Statistics for 世界黄金水道Golden Waterways

Click here to take the quiz!

General Stats

  • This quiz has been taken 242 times
  • The average score is 5 of 7

Answer Stats

连接海洋连接海洋水道名称% Correct
南海印度洋马六甲海峡
99%
地中海(大西洋)红海(印度洋)苏伊士运河
96%
地中海大西洋直布罗陀海峡
94%
大西洋太平洋巴拿马运河
80%
波斯湾印度洋霍尔木兹海峡
72%
黑海地中海土耳其海峡
57%
红海印度洋曼德海峡
48%

Score Distribution

Percentile by Number Answered

Percent of People with Each Score

Your Score History

You have not taken this quiz